000
00301nam a22001337a 4500
008
170602b xxu||||| |||| 00| 0 eng d
020
_a
394311132
041
_a
eng
080
_a
93
100
_a
17
101
_a
SHH
245
_a
GREAT ISSUES IN WESTERN CIVILIZATION
_c
TIERNEY, B
942
_2
udc
_c
BK
999
_c
15632
_d
15632